000 00845nam a22002417a 4500
005 20170124105930.0
010 _aA-740313
020 _c160.00
035 _aA-740313
037 _bCen Lib/Ret
040 _aDPL
_bEN
082 _a320.540954
_bSEC
245 _aSecularism and liberation :
_cedited by Rudolf C. Heradia, Edward Mathias
_bperspectives and strategies for india today /
260 _aNew Delhi
_bIndian Social Institute
_c1995
270 _a10, industrial area, lodhi rod
_bNew Delhi
_e110003
300 _aiv, 247p.
_c20cm(Hb)
500 _aIncludes bibliographical references and index
650 _aSecularism -- India.
_972510
650 _aReligion and state -- India.
_922734
700 _aHeredia, Rudolf C.
_98081
700 _aMathias, Edward
_98082
942 _2ddc
_cEN
_h320.540954
_mSEC
999 _c123799
_d123799